| 000 | 00578nam a2200193Ia 4500 | ||
|---|---|---|---|
| 003 | GCL | ||
| 005 | 20240530095224.0 | ||
| 008 | 140319s9999 xx 000 0 ara d | ||
| 040 |
_aGCL / _cGCL |
||
| 082 | 0 | 4 |
_a355.343 _bت ت |
| 100 | 1 | _aتوماس، جوردون | |
| 245 | 1 | 0 |
_aالتاريخ السرى للموساد / _cتوماس، جوردون |
| 260 |
_aالقاهرة : _bسطور |
||
| 300 |
_a407 ص ؛ _c24 سم |
||
| 650 | 0 | 4 | _aالجاسوسية |
| 650 | 0 | 4 | _aالموساد |
| 650 | 0 | 4 | _aالمخابرات العسكرية - اسرائيل |
| 942 |
_2ddc _cBK |
||
| 999 |
_c5101 _d5101 |
||